Eneadas: III-IV
Gorde:
| Egile nagusia: | |
|---|---|
| Formatua: | Liburua |
| Hizkuntza: | gaztelania |
| Argitaratua: |
Madrid
Gredos
1985
|
| Saila: | Biblioteca Clásica gredos, 88
|
| Gaiak: | |
| Etiketak: |
Etiketa erantsi
Etiketarik gabe, Izan zaitez lehena erregistro honi etiketa jartzen!
|
MARC
| LEADER | 00000nam a2200000 a 4500 | ||
|---|---|---|---|
| 001 | UCX2365 | ||
| 003 | CL-VaPUC | ||
| 008 | 910506e19850000SP |||||||||||||||||spa|d | ||
| 082 | 0 | 4 | |a 186.4 |b PLO |2 21 |
| 100 | 0 | |a Plotino |e author |9 266516 | |
| 245 | 1 | 0 | |a Eneadas: III-IV |
| 300 | |a 557 p | ||
| 942 | |c BK | ||
| 945 | |d 19910506 00:00:00 | ||
| 260 | |a Madrid |b Gredos |c 1985 | ||
| 650 | 0 | |a Neoplatonismo |9 265877 | |
| 583 | |a last modification |c 19910506 00:00:00 |k Rodrigo Vera | ||
| 490 | 0 | |a Biblioteca Clásica gredos, 88 | |
| 999 | |c 223401 |d 223399 | ||
| 952 | |0 0 |1 0 |4 0 |6 186_400000000000000_PLO_1985 |7 0 |8 X |9 219161 |a BIBHIS |b BIBHIS |d 2019-11-15 |i 2879247 |o 186.4 PLO 1985 |p 2879247 |r 2024-01-30 |w 2019-11-15 |y BK_X |k HIS | ||